[Event "Unive Open"]
[Site "Hoogeveen NED"]
[Date "2010.10.24"]
[Round "3"]
[White "Stella, Andrea"]
[Black "Sekandar, Kambiz"]
[Result "1-0"]
[WhiteTitle "FM"]
[WhiteElo "2334"]
[BlackElo "1877"]
[WhiteFideId "827061"]
[BlackFideId "11700939"]
[EventDate "2010.10.22"]

1. d4 Nf6 2. c4 e6 3. Nf3 b6 4. a3 c5 5. Nc3 Bb7 6. d5 d6 7. e4 e5 8. g3 g6 9.
Bg2 Bg7 10. O-O O-O 11. Ne1 Ba6 12. b3 Ne8 13. Nd3 Nd7 14. Bb2 f5 15. f4 exf4
16. Nxf4 Bd4+ 17. Kh1 Qf6 18. Qc2 Ng7 19. Ne6 Nxe6 20. dxe6 Qxe6 21. exf5 Qe5
22. Rae1 Qg7 23. Nd5 Ne5 24. f6 Qd7 25. Bxd4 cxd4 26. Qb2 Nc6 27. Ne7+ Nxe7 28.
Rxe7 Qg4 29. f7+ Kg7 30. Re4 1-0

[Event "Unive Open"]
[Site "Hoogeveen NED"]
[Date "2010.10.24"]
[Round "3"]
[White "Bonafede, Alessandro"]
[Black "Hendriks, Peter"]
[Result "1-0"]
[WhiteTitle "FM"]
[WhiteElo "2280"]
[BlackElo "2082"]
[WhiteFideId "813826"]
[BlackFideId "1009516"]
[EventDate "2010.10.22"]

1. e4 g6 2. d4 Bg7 3. Nc3 d6 4. Bg5 Nd7 5. Qd2 c5 6. Nf3 a6 7. O-O-O b5 8. h4 h6
9. Bf4 Bb7 10. dxc5 Nxc5 11. e5 b4 12. Nd5 Qa5 13. Bc4 Rc8 14. exd6 e6 15. Nc7+
Kd8 16. Ne5 Rxc7 17. dxc7+ 1-0

[Event "Unive Open"]
[Site "Hoogeveen NED"]
[Date "2010.10.24"]
[Round "3"]
[White "Lommers, Frank"]
[Black "Tondivar, Babak"]
[Result "1/2-1/2"]
[BlackTitle "FM"]
[WhiteElo "2191"]
[BlackElo "2302"]
[WhiteFideId "1010107"]
[BlackFideId "12501239"]
[EventDate "2010.10.22"]

1. c4 e6 2. g3 d5 3. Bg2 Nf6 4. Nf3 Be7 5. O-O O-O 6. Qc2 c5 7. d4 cxd4 8. Nxd4
Nc6 9. Nxc6 bxc6 10. Rd1 Qb6 11. b3 Ba6 12. Be3 Qb7 13. Nc3 dxc4 14. bxc4 Bxc4
15. Qa4 Qb4 16. Bxc6 Qxa4 17. Nxa4 Rac8 18. Bf3 Bb5 19. Nb2 Ba3 20. Nd3 a6 21.
Bc1 Rc3 22. Bd2 Rc4 23. Bc1 Rc3 24. Bd2 Rc2 25. Bb4 Bxb4 26. Nxb4 Rb2 27. Rab1
Rxb1 28. Rxb1 g5 29. a4 Bxa4 30. Nxa6 Rd8 31. Rb8 1/2-1/2

[Event "Unive Open"]
[Site "Hoogeveen NED"]
[Date "2010.10.24"]
[Round "3"]
[White "Van Der Veen, Jan"]
[Black "Goudriaan, Etienne"]
[Result "0-1"]
[WhiteElo "2131"]
[BlackElo "2253"]
[WhiteFideId "1005570"]
[BlackFideId "1021150"]
[EventDate "2010.10.22"]

1. Nf3 d5 2. d4 Nf6 3. Bf4 g6 4. Nc3 Bg7 5. Qd2 Nc6 6. Bh6 Bxh6 7. Qxh6 Bf5 8.
Rc1 Qd6 9. a3 Ne4 10. Nb5 Qd7 11. Qf4 O-O-O 12. e3 f6 13. h4 Rde8 14. Bd3 e5 15.
dxe5 fxe5 16. Qh6 Re6 17. Ng5 Nxg5 18. hxg5 d4 19. e4 Bg4 20. a4 Re7 21. Qh4 Rf8
22. Na3 Rf4 23. Qg3 Be6 24. f3 Qd6 25. O-O Qc5 26. Qe1 a6 27. Qd2 Ref7 28. Qe2
Qe7 29. Rb1 Qxg5 30. b4 Rh4 31. b5 axb5 32. axb5 Nd8 33. Nc4 Qh6 34. Kf2 Rh2 35.
Ke1 Qg5 36. Rf2 Rf4 37. b6 Rfh4 38. Kd1 Rxg2 39. Rxg2 Rh1+ 40. Qf1 Qxg2 0-1

[Event "Unive Open"]
[Site "Hoogeveen NED"]
[Date "2010.10.24"]
[Round "3"]
[White "Klapwijk, Bram"]
[Black "Ducarmon, Quinten"]
[Result "0-1"]
[WhiteElo "2022"]
[BlackElo "2243"]
[WhiteFideId "1009133"]
[BlackFideId "1025007"]
[EventDate "2010.10.22"]

1. e4 c6 2. d4 d5 3. exd5 cxd5 4. c4 Nf6 5. Nc3 e6 6. Nf3 Bb4 7. cxd5 Nxd5 8.
Bd2 Nc6 9. Bd3 Be7 10. a3 Bf6 11. Be3 Nce7 12. Ne4 O-O 13. Nfg5 Nf5 14. Nxh7
Kxh7 15. Nxf6+ Qxf6 16. g4 g6 17. gxf5 Nxe3 18. fxe3 Qh4+ 19. Kd2 exf5 20. Qe1
Qxe1+ 21. Rhxe1 Be6 22. Rac1 Kg7 23. Rc7 Rh8 24. Re2 Bd5 25. Bc4 Bxc4 26. Rxc4
Rac8 27. Rc3 g5 28. Kd3 Kf6 29. Rxc8 Rxc8 30. Rc2 Rh8 31. Re2 Ke6 32. Rf2 Rh3
33. Kd2 f6 34. a4 a5 35. Ke2 Rh7 36. Kd3 Rh3 37. Ke2 f4 38. exf4 g4 39. f5+ Kd5
40. Rg2 Kxd4 41. Rxg4+ Ke5 42. Rg2 Kxf5 43. Kf1 Rb3 44. Rf2+ Kg6 45. Rg2+ Kf7
46. Rc2 b6 47. Kg2 Rb4 48. Kg3 Rxa4 49. h4 Kg6 50. Rd2 Rb4 51. Kh3 Rb3+ 52. Kg4
f5+ 53. Kf4 Rb4+ 54. Kg3 Kh5 55. Rd5 Rb3+ 56. Kf4 Rxb2 57. Kxf5 Kxh4 58. Rd4+
Kg3 59. Ra4 Kf3 60. Ra3+ Ke2 61. Ke4 Rb4+ 62. Kd5 Kd2 63. Rh3 Kc2 64. Rh2+ Kb3
65. Rh3+ Ka2 0-1

[Event "Unive Open"]
[Site "Hoogeveen NED"]
[Date "2010.10.24"]
[Round "3"]
[White "Archangelsky, Mikhail"]
[Black "Timmermans, Ivo"]
[Result "1-0"]
[WhiteTitle "IM"]
[WhiteElo "2212"]
[BlackElo "2209"]
[WhiteFideId "4117573"]
[BlackFideId "1002910"]
[EventDate "2010.10.22"]

1. Nf3 d5 2. d4 c6 3. c4 Nf6 4. Qc2 dxc4 5. Qxc4 Bf5 6. g3 e6 7. Bg2 Nbd7 8. Nc3
Be7 9. O-O O-O 10. Re1 Ne4 11. e3 Nxc3 12. bxc3 Be4 13. Qb3 c5 14. Nd2 Bxg2 15.
Kxg2 Qc7 16. Ba3 a6 17. c4 b5 18. Rac1 Rab8 19. Qd3 Rfd8 20. Qc2 bxc4 21. Nxc4
Nf6 22. Ne5 Rb5 23. Kg1 Rc8 24. Nd3 c4 25. Bxe7 Qxe7 26. Nc5 Nd7 27. Qxc4 Nxc5
28. Rc2 Rc6 29. Rec1 g6 30. dxc5 h5 31. h4 Qc7 32. a4 Rbxc5 33. Qxc5 Rxc5 34.
Rxc5 Qd6 35. a5 Qd2 36. Kg2 Kg7 37. R1c2 Qb4 38. Kh2 Qe1 39. Kg2 Qb4 40. R2c4
Qd2 41. Rd4 Qa2 42. Rd7 Kf6 43. e4 e5 44. Rc6+ Kg7 45. Rxa6 Qc4 46. Raa7 Qxe4+
47. Kh2 g5 48. Rxf7+ Kg6 49. Rg7+ Kf6 50. hxg5+ Kf5 51. Raf7+ Ke6 52. Rf6+ Kd5
53. a6 h4 54. a7 1-0

[Event "Unive Open"]
[Site "Hoogeveen NED"]
[Date "2010.10.24"]
[Round "3"]
[White "Van Foreest, Jorden"]
[Black "Bezemer, Arno"]
[Result "0-1"]
[BlackTitle "FM"]
[WhiteElo "1954"]
[BlackElo "2318"]
[WhiteFideId "1039784"]
[BlackFideId "1001396"]
[EventDate "2010.10.22"]

1. d4 Nf6 2. Nf3 g6 3. g3 Bg7 4. Bg2 O-O 5. O-O d5 6. Bf4 c6 7. c4 dxc4 8. Qc2
b5 9. e4 Nbd7 10. Nbd2 Bb7 11. Rfd1 c5 12. d5 Ng4 13. a4 a6 14. axb5 axb5 15.
Rxa8 Qxa8 16. h3 Nge5 17. Nxe5 Nxe5 18. b3 cxb3 19. Qxc5 b2 20. Nb1 Qa4 21. Rf1
b4 22. Bxe5 Bxe5 23. Qxe7 Ba6 24. Qxe5 Bxf1 25. Bxf1 Qc2 26. d6 Qxb1 27. d7
Qxf1+ 28. Kxf1 b1=Q+ 29. Kg2 Qd3 30. Qe7 b3 31. e5 b2 32. e6 Qd5+ 33. Kh2 fxe6 0-1

[Event "Unive Open"]
[Site "Hoogeveen NED"]
[Date "2010.10.24"]
[Round "3"]
[White "Poelstra, Ben"]
[Black "Dolgova, Olga"]
[Result "0-1"]
[BlackTitle "WIM"]
[WhiteElo "2148"]
[BlackElo "2262"]
[WhiteFideId "1018604"]
[BlackFideId "4158296"]
[EventDate "2010.10.22"]

1. e4 c6 2. d4 d5 3. exd5 cxd5 4. c4 Nf6 5. Nc3 e6 6. Nf3 Bb4 7. cxd5 Nxd5 8.
Bd2 Nc6 9. Bd3 Ba5 10. O-O O-O 11. Qe2 Nce7 12. Rfe1 Ng6 13. g3 a6 14. h4 Nge7
15. Rad1 Bxc3 16. bxc3 b5 17. Qe4 g6 18. h5 Ra7 19. h6 Qd6 20. Qh4 Nf5 21. Bxf5
exf5 22. Re5 f6 23. Re2 Rc7 24. Bf4 Nxf4 25. Qxf4 Qxf4 26. gxf4 Kf7 27. Re3 Re8
28. Rdd3 Re4 29. d5 Rxf4 30. Nd4 Re4 31. d6 Rd7 32. Nb3 Rc4 33. Na5 Rc5 34. Nb3
Rc6 35. Rd2 Rcxd6 36. Rde2 Rd1+ 37. Kg2 Bb7+ 38. f3 g5 39. Nc5 Rc7 40. Nxb7 Rxb7
41. Re6 Rd2 42. Rxf6+ Kxf6 43. Rxd2 Ke5 44. a4 bxa4 45. Ra2 Rb6 46. Rxa4 Rxh6
47. Kg3 Rc6 48. Ra5+ Kf6 49. c4 h5 50. f4 gxf4+ 51. Kxf4 Rxc4+ 52. Kf3 Rc6 53.
Kf4 Kg6 54. Ra4 Rb6 55. Ra5 h4 56. Ra4 Re6 57. Ra5 Rc6 58. Ra4 Rb6 59. Ra5 Kg7
60. Kg5 h3 61. Ra2 Rh6 62. Rh2 a5 63. Kxf5 a4 64. Kg4 a3 65. Kg3 Kg8 66. Kf3 a2
67. Rxa2 h2 68. Ra8+ Kf7 69. Ra7+ Ke8 70. Ra8+ Kd7 71. Ra7+ Kc8 0-1

[Event "Unive Open"]
[Site "Hoogeveen NED"]
[Date "2010.10.24"]
[Round "3"]
[White "Vroombout, Enrico"]
[Black "Overeem, Marc"]
[Result "0-1"]
[BlackTitle "FM"]
[WhiteElo "2147"]
[BlackElo "2224"]
[WhiteFideId "1008730"]
[BlackFideId "1004972"]
[EventDate "2010.10.22"]

1. e4 e6 2. d4 d5 3. exd5 exd5 4. Bd3 Nc6 5. c3 Bd6 6. Nf3 Nge7 7. O-O Bg4 8.
Nbd2 Qd7 9. Re1 O-O-O 10. Qc2 Kb8 11. b4 Rde8 12. b5 Nd8 13. a4 Ng6 14. a5 Nf4
15. Ne5 Bxe5 16. dxe5 f6 17. b6 fxe5 18. bxa7+ Ka8 19. Bf1 Bf5 20. Qa2 Bd3 21.
Nf3 Bxf1 22. Bxf4 Bc4 0-1

[Event "Unive Open"]
[Site "Hoogeveen NED"]
[Date "2010.10.24"]
[Round "3"]
[White "Hovenga, Alje"]
[Black "Stavast, Dick"]
[Result "1-0"]
[WhiteElo "2176"]
[BlackElo "2048"]
[WhiteFideId "1005812"]
[BlackFideId "1014005"]
[EventDate "2010.10.22"]

1. d4 d6 2. Nf3 g6 3. e4 Nf6 4. Nc3 Bg7 5. h3 O-O 6. Be3 c6 7. Qd2 b5 8. Bd3
Nbd7 9. e5 dxe5 10. dxe5 b4 11. Nd1 Nd5 12. Bh6 Qc7 13. Bxg7 Kxg7 14. Qg5 f6 15.
exf6+ exf6 16. Qd2 Re8+ 17. Kf1 Nc5 18. Bc4 a5 19. Bxd5 Ba6+ 20. Kg1 Re2 21. Qd4
cxd5 22. Ne3 Ne6 23. Qxd5 Re8 24. Rd1 Nf4 25. Qd7+ Qxd7 26. Rxd7+ Kg8 27. Ng4
R2e6 28. Nd4 Ne2+ 29. Nxe2 Bxe2 30. Ne3 f5 31. Rd2 Ba6 32. Kh2 Bb7 33. Rhd1 1-0

[Event "Unive Open"]
[Site "Hoogeveen NED"]
[Date "2010.10.24"]
[Round "3"]
[White "Van Apeldoorn, Janton"]
[Black "Zuiderweg, Edwin"]
[Result "1/2-1/2"]
[WhiteTitle "CM"]
[WhiteElo "2164"]
[BlackElo "2044"]
[WhiteFideId "1013831"]
[BlackFideId "1012207"]
[EventDate "2010.10.22"]

1. e4 d5 2. exd5 Nf6 3. d4 Nxd5 4. c4 Nb6 5. Nf3 g6 6. Nc3 Bg7 7. c5 Nd5 8. Bc4
c6 9. O-O Be6 10. Qb3 b5 11. cxb6 axb6 12. Nxd5 Bxd5 13. Be3 b5 14. Bxd5 Qxd5
15. Qxd5 cxd5 16. Rfc1 Na6 17. a4 bxa4 18. Rxa4 Kd7 19. Rca1 Nc7 20. Rxa8 Rxa8
21. Rxa8 Nxa8 22. Kf1 Nb6 23. b3 f6 24. Ke2 Kc6 25. g4 e5 26. dxe5 fxe5 27. Ng5
d4 28. Bd2 h5 29. gxh5 gxh5 30. Ne4 Nd5 31. Kd3 Bf8 32. Kc4 Nb6+ 33. Kd3 Nd5 34.
Kc4 Nb6+ 1/2-1/2

[Event "Unive Open"]
[Site "Hoogeveen NED"]
[Date "2010.10.25"]
[Round "4"]
[White "Perez Candelario, Manuel"]
[Black "Kempinski, Robert"]
[Result "0-1"]
[WhiteTitle "IM"]
[BlackTitle "GM"]
[WhiteElo "2526"]
[BlackElo "2615"]
[WhiteFideId "2210622"]
[BlackFideId "1105663"]
[EventDate "2010.10.22"]

1. e4 c5 2. Nf3 d6 3. d4 cxd4 4. Nxd4 Nf6 5. Nc3 a6 6. Be3 e5 7. Nb3 Be7 8. Qd2
O-O 9. O-O-O a5 10. a4 Nc6 11. Kb1 Nb4 12. f4 Qc7 13. Be2 Bd7 14. Rhg1 Rfc8 15.
g4 exf4 16. Bxf4 Bxa4 17. g5 Bxb3 18. cxb3 Nd7 19. h4 Nc5 20. Bc4 a4 21. g6 hxg6
22. Qg2 a3 23. bxa3 Rxa3 24. Nb5 Qa5 25. Nxa3 Qxa3 26. Bc1 Qa5 27. Bxf7+ Kh8 28.
e5 Ne4 29. Bh6 Nc3+ 30. Kc1 Nxd1+ 31. Bc4 Qa1+ 32. Kd2 Qb2+ 33. Kxd1 Qxg2 34.
Rxg2 gxh6 35. Rxg6 dxe5 36. Rxh6+ Kg7 37. Re6 Nc6 0-1

[Event "Unive Open"]
[Site "Hoogeveen NED"]
[Date "2010.10.25"]
[Round "4"]
[White "L'Ami, Erwin"]
[Black "Nyzhnyk, Illya"]
[Result "1/2-1/2"]
[WhiteTitle "GM"]
[BlackTitle "IM"]
[WhiteElo "2624"]
[BlackElo "2538"]
[WhiteFideId "1007998"]
[BlackFideId "14118084"]
[EventDate "2010.10.22"]

1. d4 d5 2. c4 dxc4 3. Nf3 Nf6 4. e3 e6 5. Bxc4 c5 6. O-O a6 7. dxc5 Bxc5 8.
Qxd8+ Kxd8 9. Ne5 Ke7 10. Be2 Bd7 11. Bf3 Nc6 12. Nxc6+ Bxc6 13. Bxc6 bxc6 14.
b3 Rhd8 15. Bb2 Bb4 16. Rc1 Rac8 17. Kf1 g6 18. Ke2 Nd5 19. Rc2 f6 20. Na3 Nb6
21. Rac1 Rd7 22. Nb1 Rdc7 23. Bd4 Nd7 24. Bc3 a5 25. Nd2 Nb6 26. e4 e5 27. a4
Bxc3 28. Rxc3 c5 29. g4 Ke6 30. Nf1 Ke7 31. Ne3 Ke6 32. h4 Rc6 33. f3 R6c7 34.
R1c2 Rc6 35. h5 R6c7 36. hxg6 hxg6 37. Rc1 Rc6 38. Rh1 R6c7 39. Rh6 Rg8 40. Rd3
Rb7 41. Kf2 Rbb8 42. Rc3 Rbc8 43. Kg3 Rc7 44. Rd3 Rcc8 45. Rh7 Rh8 46. Ra7 Ra8
47. Rxa8 Rxa8 48. Nd5 Rb8 49. Nxb6 Rxb6 50. Rd5 Rxb3 51. Rxc5 f5 52. gxf5+ gxf5
53. exf5+ Kxf5 54. Rxa5 Ra3 55. Ra8 e4 56. a5 exf3 57. a6 Kg6 58. a7 Kg7 59. Kf2 1/2-1/2

[Event "Unive Open"]
[Site "Hoogeveen NED"]
[Date "2010.10.25"]
[Round "4"]
[White "Moskalenko, Viktor"]
[Black "Rombaldoni, Axel"]
[Result "1/2-1/2"]
[WhiteTitle "GM"]
[BlackTitle "IM"]
[WhiteElo "2580"]
[BlackElo "2453"]
[WhiteFideId "14100100"]
[BlackFideId "815837"]
[EventDate "2010.10.22"]

1. d4 Nf6 2. c4 d5 3. Nc3 g6 4. cxd5 Nxd5 5. Bd2 Bg7 6. e4 Nb6 7. Be3 O-O 8. Bb5
f5 9. exf5 Bxf5 10. Nf3 a6 11. Be2 Nc6 12. O-O Qd6 13. Qd2 Rad8 14. Rad1 e5 15.
dxe5 1/2-1/2

[Event "Unive Open"]
[Site "Hoogeveen NED"]
[Date "2010.10.25"]
[Round "4"]
[White "Sengupta, Deep"]
[Black "Slingerland, Fred"]
[Result "1-0"]
[WhiteTitle "GM"]
[BlackTitle "IM"]
[WhiteElo "2558"]
[BlackElo "2411"]
[WhiteFideId "5008352"]
[BlackFideId "1002473"]
[EventDate "2010.10.22"]

1. e4 c5 2. Nf3 Nc6 3. d4 cxd4 4. Nxd4 Nf6 5. Nc3 d6 6. Bg5 e6 7. Qd2 a6 8.
O-O-O Bd7 9. f3 b5 10. Be3 b4 11. Nce2 d5 12. Nxc6 Bxc6 13. Nd4 Qc7 14. e5 Nd7
15. f4 Nc5 16. Qe1 g6 17. g4 Bd7 18. h4 h5 19. gxh5 gxh5 20. Kb1 a5 21. Bg2 a4
22. f5 Qxe5 23. fxe6 fxe6 24. Nf3 Qc7 25. Ng5 b3 26. Qc3 Rg8 27. Bf3 a3 28. cxb3
axb2 29. Qf6 Bc8 30. Bxc5 Qxc5 31. Qf7+ Kd8 32. Bxd5 exd5 33. Rxd5+ Qxd5 34.
Qxd5+ Kc7 35. Qxa8 Bf5+ 36. Ne4 1-0

[Event "Unive Open"]
[Site "Hoogeveen NED"]
[Date "2010.10.25"]
[Round "4"]
[White "Battaglini, Gabriel"]
[Black "Ernst, Sipke"]
[Result "0-1"]
[WhiteTitle "IM"]
[BlackTitle "GM"]
[WhiteElo "2429"]
[BlackElo "2587"]
[WhiteFideId "621650"]
[BlackFideId "1004689"]
[EventDate "2010.10.22"]

1. d4 Nf6 2. c4 e6 3. Nc3 Bb4 4. e3 O-O 5. Bd3 Nc6 6. Nf3 d5 7. O-O Re8 8. a3
dxc4 9. Bxc4 Bd6 10. Ng5 h6 11. Nf3 e5 12. Nb5 e4 13. Nxd6 Qxd6 14. Nd2 Ng4 15.
g3 Qg6 16. Qe2 Nf6 17. f4 Bh3 18. Re1 Ne7 19. Qd1 Nf5 20. Bf1 Bg4 21. Qb3 Bf3
22. Bc4 b5 23. Bd5 Nxd5 24. Qxd5 c6 25. Qb3 Nxg3 26. Nxf3 exf3 27. Kf2 Ne4+ 28.
Kxf3 Qh5+ 0-1

[Event "Unive Open"]
[Site "Hoogeveen NED"]
[Date "2010.10.25"]
[Round "4"]
[White "Nijboer, Friso"]
[Black "Hendriks, Willy"]
[Result "1-0"]
[WhiteTitle "GM"]
[BlackTitle "IM"]
[WhiteElo "2582"]
[BlackElo "2424"]
[WhiteFideId "1000063"]
[BlackFideId "1000713"]
[EventDate "2010.10.22"]

1. e4 d6 2. d4 Nf6 3. Nc3 g6 4. Be3 Bg7 5. Qd2 c6 6. Nf3 Bg4 7. Bd3 Nbd7 8. Ng1
e5 9. h3 exd4 10. Bxd4 Be6 11. Nf3 O-O 12. O-O b5 13. Ng5 b4 14. Ne2 c5 15. Be3
d5 16. Nxe6 fxe6 17. exd5 exd5 18. c3 bxc3 19. bxc3 Qc7 20. Rac1 Rae8 21. Bb5
Re7 22. Ng3 Nb6 23. a4 Kh8 24. Bg5 Ne4 25. Nxe4 Rxe4 26. a5 Nc8 27. Qxd5 Re5 28.
Qd2 Qxa5 29. Bh6 Qd8 30. Qxd8 Rxd8 31. Be3 Bf6 32. Rfd1 Rxd1+ 33. Rxd1 Nb6 34.
c4 Kg7 35. Rd3 h5 36. Ra3 Re7 37. Bxc5 Rc7 38. Bd6 Nxc4 39. Bxc7 Nxa3 40. Bd3
Bb2 41. h4 Kf6 42. g3 a6 43. Bxa6 Nc2 44. Kf1 Nd4 45. Bc4 Nf5 46. Ke2 Bc3 47.
Bd3 Bb2 48. Bb6 Be5 49. Kf3 Bd4 50. Ba5 Be5 51. Be1 Nd6 52. Bf1 Bb2 53. Ke3 Be5
54. Bh3 Bb2 55. Bb4 Nf5+ 56. Ke4 Be5 57. Be1 Bb2 58. Bd2 Nd6+ 59. Kd5 Nf5 60.
Bg5+ Kf7 61. Bf4 Kf6 62. Ke4 Bc3 63. Bg5+ Ke6 64. g4 hxg4 65. Bxg4 Kf7 66. Bxf5
gxf5+ 67. Kxf5 Bb2 68. Bf4 Bc3 69. h5 1-0

[Event "Unive Open"]
[Site "Hoogeveen NED"]
[Date "2010.10.25"]
[Round "4"]
[White "Ris, Robert"]
[Black "Ikonnikov, Vyacheslav"]
[Result "0-1"]
[WhiteTitle "IM"]
[BlackTitle "GM"]
[WhiteElo "2416"]
[BlackElo "2571"]
[WhiteFideId "1011480"]
[BlackFideId "4100972"]
[EventDate "2010.10.22"]

1. d4 Nf6 2. c4 e6 3. g3 Bb4+ 4. Bd2 Qe7 5. Nf3 Nc6 6. Nc3 O-O 7. Bg2 d6 8. d5
Ne5 9. Nxe5 dxe5 10. a3 Bd6 11. b4 e4 12. Bg5 exd5 13. Nxd5 Qe6 14. Bxf6 gxf6
15. Qd2 Be5 16. Rd1 f5 17. Bh3 Kh8 18. O-O c6 19. Ne3 Qg6 20. Ng2 Qh5 21. Nh4 f4
22. Bxc8 e3 23. Qd7 exf2+ 24. Kg2 Raxc8 25. Qf5 Qxe2 26. Nf3 Rce8 27. Ng5 Qh5
28. Rd7 f3+ 29. Kh1 Kg8 30. h3 Bxg3 0-1

[Event "Unive Open"]
[Site "Hoogeveen NED"]
[Date "2010.10.25"]
[Round "4"]
[White "Saravanan, V."]
[Black "Ulibin, Mikhail"]
[Result "1-0"]
[WhiteTitle "IM"]
[BlackTitle "GM"]
[WhiteElo "2408"]
[BlackElo "2544"]
[WhiteFideId "5000580"]
[BlackFideId "4101405"]
[EventDate "2010.10.22"]

1. Nf3 d5 2. d4 Nf6 3. c4 c6 4. e3 Bg4 5. Nc3 e6 6. Qb3 Qb6 7. Nh4 Nbd7 8. h3
Bh5 9. g4 Bg6 10. Nxg6 hxg6 11. Bg2 dxc4 12. Qxc4 Be7 13. e4 e5 14. Be3 exd4 15.
Bxd4 Bc5 16. O-O-O Bxd4 17. Qxd4 Qxd4 18. Rxd4 O-O-O 19. f4 Nc5 20. Rxd8+ Rxd8
21. e5 Nfd7 22. Rf1 g5 23. fxg5 Nxe5 24. Ne4 Nxe4 25. Bxe4 Rd4 26. Bf5+ Kc7 27.
Rd1 Rc4+ 28. Kd2 g6 29. Bd3 Rf4 30. Ke3 Nxd3 31. Rxd3 Rf1 32. Ke4 Rf2 33. Rf3
Rxb2 34. Rxf7+ Kd6 35. Rf6+ Ke7 36. Rxg6 Re2+ 37. Kf3 Rxa2 38. Rg7+ Ke6 39. Rxb7
Ra3+ 40. Kg2 Ra5 41. g6 Rg5 42. g7 a5 43. Kg3 Kf6 44. Rc7 1-0

[Event "Unive Open"]
[Site "Hoogeveen NED"]
[Date "2010.10.25"]
[Round "4"]
[White "Haslinger, Stewart G"]
[Black "Stella, Andrea"]
[Result "1/2-1/2"]
[WhiteTitle "GM"]
[BlackTitle "FM"]
[WhiteElo "2543"]
[BlackElo "2334"]
[WhiteFideId "405248"]
[BlackFideId "827061"]
[EventDate "2010.10.22"]

1. e4 g6 2. d4 Bg7 3. Nc3 c6 4. h3 d6 5. Be3 Nd7 6. Qd2 Qa5 7. Nf3 Ngf6 8. Bd3
e5 9. O-O O-O 10. a4 Re8 11. Rfe1 Qc7 12. a5 Nf8 13. dxe5 dxe5 14. Bc4 Be6 15.
Qe2 b5 16. axb6 axb6 17. Ng5 Bxc4 18. Qxc4 h6 19. Nf3 Ne6 20. Ra6 Rxa6 21. Qxa6
b5 22. Bb6 Qb8 23. Ne2 Bf8 24. Nc1 Nd7 25. Be3 Qc7 26. Nd3 f5 27. exf5 gxf5 28.
Nfxe5 Nxe5 29. Bb6 Qg7 30. Rxe5 Nf4 31. Qa2+ Kh7 32. Qa7 Rxe5 33. Nxe5 Be7 34.
g3 Nxh3+ 35. Kh2 Nxf2 36. Nxc6 Ng4+ 37. Kg2 Bf6 38. Qxg7+ Bxg7 39. c3 Kg6 40.
Bc5 Ne5 41. Nxe5+ Bxe5 42. Kf3 Kf7 43. Be3 Bg7 44. Bf2 Ke6 45. b3 h5 46. c4 bxc4
47. bxc4 Bf6 48. Be1 Bg5 49. Bf2 Kd6 50. Be3 Bf6 51. Kf4 Be5+ 52. Kf3 Bf6 53.
Bf2 h4 54. gxh4 Bxh4 55. Kf4 Bxf2 56. Kxf5 1/2-1/2

[Event "Unive Open"]
[Site "Hoogeveen NED"]
[Date "2010.10.25"]
[Round "4"]
[White "Dvirnyy, Daniyyl"]
[Black "L'Ami, Alina"]
[Result "1-0"]
[WhiteTitle "IM"]
[BlackTitle "WGM"]
[WhiteElo "2481"]
[BlackElo "2339"]
[WhiteFideId "817570"]
[BlackFideId "1210246"]
[EventDate "2010.10.22"]

1. e4 c5 2. Nf3 d6 3. d4 cxd4 4. Nxd4 Nf6 5. Nc3 a6 6. Qe2 e5 7. Nf5 Nc6 8. Bg5
Bxf5 9. exf5 Nd4 10. Qd3 Qc8 11. O-O-O Qxf5 12. Qxf5 Nxf5 13. Bxf6 gxf6 14. Nd5
Rc8 15. Nxf6+ Ke7 16. Nd5+ Ke6 17. Nb6 Rc6 18. Bc4+ Ke7 19. Nd5+ Kd8 20. Bd3 Ne7
21. Ne3 Bh6 22. Be4 Rb6 23. g4 Kc7 24. c3 f5 25. gxf5 d5 26. Bxd5 Nxf5 27. Rhe1
Bf4 28. Kc2 Nxe3+ 29. fxe3 Bxh2 30. Rh1 Bg3 31. Rh3 Bf2 32. Rdh1 Rf8 33. Rxh7+
Kb8 34. Rf1 Rff6 35. e4 a5 36. b3 Rf4 37. Kd3 Rb5 38. a4 Rb6 39. Kc4 Rf8 40. b4
axb4 41. cxb4 Rc8+ 42. Kb3 Bc5 43. b5 Bd6 44. Rf6 Rf8 45. Rxf8+ Bxf8 46. Kc4 Rh6
47. Rxb7+ Kc8 48. a5 1-0

[Event "Unive Open"]
[Site "Hoogeveen NED"]
[Date "2010.10.25"]
[Round "4"]
[White "Okkes, Menno"]
[Black "Matsenko, Sergei"]
[Result "1/2-1/2"]
[WhiteTitle "FM"]
[BlackTitle "IM"]
[WhiteElo "2378"]
[BlackElo "2461"]
[WhiteFideId "1000756"]
[BlackFideId "4170083"]
[EventDate "2010.10.22"]

1. e4 c5 2. Nf3 Nc6 3. d4 cxd4 4. Nxd4 Qc7 5. Nc3 e6 6. g3 a6 7. Bg2 Nf6 8. O-O
d6 9. Be3 Be7 10. a4 O-O 11. Kh1 Rd8 12. f4 Re8 13. g4 Nd7 14. g5 Bf8 15. Qh5 g6
16. Qh4 Bg7 17. Rad1 f6 18. f5 fxg5 19. Qxg5 Bf6 20. Qg3 Be5 21. Qh4 Nf8 22. f6
Nd8 23. Bh6 Nf7 24. Bg7 g5 25. Qh5 Ng6 26. Rd3 g4 27. Nde2 Bxc3 28. Rxc3 Qb6 29.
h3 g3 30. Rxg3 Qc5 31. Qf3 Nge5 32. Qh5 Ng6 33. Qxc5 dxc5 34. Nf4 e5 35. Nxg6
hxg6 36. Rxg6 Kh7 37. Rg3 Be6 38. Rd1 c4 39. Re3 Red8 40. Ree1 Rxd1 41. Rxd1 Rd8
42. Rxd8 Nxd8 43. c3 b5 44. axb5 axb5 45. Kh2 Bf7 46. Kg3 Ne6 47. h4 Nc5 48. Bf8
Nd3 49. Bh3 Nxb2 50. Bd7 Nd1 51. Bb4 Kg6 52. Bxb5 Kxf6 53. Bd7 Bg6 54. Bc6 Bh5
55. Bd5 Ne3 56. Bc6 Bg6 57. Kf3 Nd1 58. Ke2 Bh5+ 59. Kd2 Nf2 60. Bc5 Nd3 61. Bb6
Bf7 62. Bd8+ Kg6 63. Bg5 Nc5 64. Be7 Ne6 65. Bd5 Nf4 66. Bc6 Ng2 67. Bd5 Nf4 68.
Bc6 Ng2 69. Bg5 Kh5 70. Bd5 Bg6 71. Ke2 Nxh4 72. Bxh4 Kxh4 73. Ke3 Kg5 74. Bxc4
Kf6 75. Bd5 Ke7 76. Kd3 Kd6 77. Kc4 Be8 78. Kb4 Bd7 79. c4 Be8 80. c5+ Kc7 81.
Kc3 Bd7 82. Kd3 Bc8 83. Ke3 Kb8 84. Kf3 Ka7 85. Kg3 Ka6 86. Bc6 Ka5 87. Be8 Ba6
88. Kg4 Kb4 89. c6 Kc5 90. Kf5 Kd6 91. Kf6 Bd3 92. Bg6 Kxc6 93. Kxe5 1/2-1/2

[Event "Unive Open"]
[Site "Hoogeveen NED"]
[Date "2010.10.25"]
[Round "4"]
[White "Caspi, Israel"]
[Black "Slingerland, Caroline"]
[Result "1/2-1/2"]
[WhiteTitle "IM"]
[BlackTitle "WFM"]
[WhiteElo "2457"]
[BlackElo "2081"]
[WhiteFideId "2807394"]
[BlackFideId "1002732"]
[EventDate "2010.10.22"]

1. e4 c5 2. Nf3 e6 3. d4 cxd4 4. Nxd4 Nf6 5. Nc3 Nc6 6. Ndb5 Bb4 7. a3 Bxc3+ 8.
Nxc3 d5 9. exd5 exd5 10. Bd3 O-O 11. O-O d4 12. Ne2 Bg4 13. Bg5 Qd6 14. Qd2 Rfe8
15. Rfe1 Bh5 16. Qf4 Re6 17. Qxd6 Rxd6 18. Nf4 Bg6 19. Nxg6 hxg6 20. Bf4 Rd7 21.
Kf1 Nd5 22. Bg3 Nb6 23. Rad1 Rc8 24. h4 Na4 25. Bb5 Nc5 26. b4 Ne6 27. Re4 a6
28. Bc4 Ncd8 29. Bb3 b5 30. Ke2 Rc3 31. Rd3 a5 32. Kd2 axb4 33. axb4 Rxd3+ 34.
cxd3 Kf8 35. Re5 Rb7 36. Rd5 Ke8 37. Rd6 Ke7 38. Bd5 Rd7 39. Rxd7+ 1/2-1/2